| 000 | 00646nam a2200193 i 4500 | ||
|---|---|---|---|
| 001 | 101950 | ||
| 003 | ES-MaACL | ||
| 005 | 20230906183021.0 | ||
| 007 | t| | ||
| 008 | 051028s1971 it ||||1| ita d | ||
| 100 | 1 |
_aMelotti, Umberto. _980029 |
|
| 245 | 1 | 0 |
_aMarx e il Terzo Mondo _b: per uno schema multilineare della concezione marxiana dello sviluppo storico / _cUmberto Melotti. |
| 260 |
_aMilano : _bCentro Studi Terzo Mondo, _c1971. |
||
| 300 |
_a174 p. ; _c24 cm. |
||
| 490 | 1 |
_aTerzo Mondo, Anno IV ; _v13-14 |
|
| 830 | 0 |
_aTerzo Mondo, Anno IV ; _v13-14 _9232510 |
|
| 852 |
_aES-MaACL _jA-8365 _bR.98107 |
||
| 999 |
_c101950 _d101950 |
||